MDQL
is popping MORE tags! Check the
thread
!
Quizzes
Events
Quiz Creation
Community
Videos
Private Events
Remove Ads
Sign In
Join for FREE
Feedback
Dark Mode
Quiz Categories
Sports
Geography
Music
Movies
Television
Just For Fun
Miscellaneous
History
Literature
Language
Science
Gaming
Entertainment
Religion
Holiday
For Kids
Quiz Lab
Recent
Popular Today
Quiz Kudos Today
Editor Picks
Curator Picks
Quizzes by...
Day
Popularity
Type
Ratings
Length
Year
Community
Subscriptions
Recent Discussions
Orange Saloon
Badges
Playlists
Quests
Create
Leaderboards
Showdown
Live 5
Trivia Bingo
Activity
Puzzle Library
Sporcle Events
Private Events
Virtual Trivia
Globe League
Become a Host
Pub Owners
SporcleCon
Opinionation
Our Games
Videos
Blog
Mobile Apps
Partnerships
Remove Ads and Go Orange
Feedback
Music
Pop Music
The Beatles
Song
Album
Lyrics
Bands
Singers
Artist
Clip
Rock
Rap
Classical
Billboard
Country Music
Kpop
Taylor Swift
Music
Pop Music
The Beatles
Song
Album
Lyrics
Bands
Singers
Artist
Clip
Rock
Rap
Classical
Billboard
Country Music
Kpop
Taylor Swift
Random Quiz
Search Sporcle
×
Quiz Lab
Quiz Lab
Music
fire
Type in answers that appear in a list
Type in answers that appear in a list
Classic
Best Score? Go Orange.
Things Named in We Didn't Start The Fire Stats
Can you name everything mentioned in We Didn't Start The Fire
By
imadethis
10m
118 Questions
21 Plays
21 Plays
21 Plays
Comments
Comments
Give Quiz Kudos
Give Quiz Kudos
-
- Ratings
hide this ad
Replay
Link that replays current quiz
Next Quiz
Link to next quiz in quiz playlist
You Got
0%
They Got
Avg Score
23%
Avg Friend Score
Upgrade to see
Score Distribution
Jump to the score distribution portion of the page
Score
0/118
Timer
10:00
0
Plays Today
Thing Named
% Correct
Doris Day
81%
Harry Truman
66.7%
Red China
66.7%
Richard Nixon
66.7%
Joe DiMaggio
57.1%
Television
52.4%
Marilyn Monroe
52.4%
Richard Nixon
47.6%
South Pacific
42.9%
Walter Winchell
42.9%
Studebaker
42.9%
North Korea
42.9%
South Korea
42.9%
Disneyland
42.9%
Kennedy
42.9%
Berlin Wall
42.9%
Brando
38.1%
The Catcher in the Rye
38.1%
Eisenhower
38.1%
Belgium frees Congo
38.1%
Bay of Pigs Invasion
38.1%
Reagan
38.1%
Joe McCarthy
33.3%
Rosenbergs
33.3%
H-Bomb
33.3%
Palestine
33.3%
Afghanistan
33.3%
Sally Ride
33.3%
Heavy Metal
33.3%
Sugar Ray
28.6%
Davy Crockett
28.6%
Princess Grace
28.6%
Suez
28.6%
Watergate
28.6%
The King and I
23.8%
Polio Vaccine
23.8%
Marciano
23.8%
Liberace
23.8%
Santayana
23.8%
James Dean
23.8%
Thing Named
% Correct
Peter Pan
23.8%
Charles de Gaulle
23.8%
Dodgers and Giants Move
23.8%
Ben Hur
23.8%
Castro
23.8%
Stranger in a Strange Land
23.8%
Lawrence of Arabia
23.8%
Beatles
23.8%
Ho Chi-Minh
23.8%
Punk Rock
23.8%
Wheel of Fortune
23.8%
Elizabeth 2
19%
Joseph Stalin
19%
Communist Bloc
19%
Rock Around the Clock
19%
Elvis Presley
19%
Budapest
19%
Rosa Parks
19%
Peyton Place
19%
Sputnik
19%
Lebanon
19%
Starkweather
19%
Buddy Holly
19%
Space Monkey
19%
Hula Hoops
19%
Edsel
19%
Payola
19%
Psycho
19%
Bob Dylan
19%
John Glenn
19%
Malcolm X
19%
Birth Control
19%
Woodstock
19%
Begin
19%
Ayatollah
19%
AIDS
19%
Crack
19%
Hypodermics
19%
Rock and Roller Cola Wars
19%
Johnnie Ray
14.3%
Thing Named
% Correct
Panmunjom
14.3%
Roy Cohn
14.3%
Brooklyn Dodgers
14.3%
Bardot
14.3%
Khrushchev
14.3%
Little Rock
14.3%
Mickey Mantle
14.3%
Bridge on the River Kwai
14.3%
Thalidomide
14.3%
U-2
14.3%
Chubby Checker
14.3%
Eichmann
14.3%
Pope Paul
14.3%
JFK Blown Away
14.3%
Bernie Goetz
14.3%
Rockefeller
9.5%
Toscanini
9.5%
Dacron
9.5%
Dien Bien Phu
9.5%
Einstein
9.5%
Kerouac
9.5%
Mafia
9.5%
Syngman Rhee
9.5%
Hemingway
9.5%
Ole Miss
9.5%
Liston Beats Patterson
9.5%
Moon Landing
9.5%
Malenkov
4.8%
Prokofiev
4.8%
Campanella
4.8%
Pasternak
4.8%
Chou En-Lai
4.8%
Foreign Debts
4.8%
Juan Perón
0%
John Profumo
0%
Airline Hijackings
0%
Homeless Vets
0%
Chinese Martial Law
0%
Quiz Playlist
Details
Report
Send in Message
Add To Playlist
Classic:
Type in answers that appear in a list
Last Updated: Feb 16, 2017
Quiz Scoreboard
CHALLENGE
Sign Up to Join the Scoreboard
Show All
Scores
Hide
Comments
May contain spoilers
Recently Published
Find the 'City' Movie
by crazypaving
Movies
60s
5x2 Blitz: Bands
by SL_Kpop136
Music
30s
Colored Red Africa Blitz
by spor1
Geography
30s
More to Explore
Quiz From the Vault
Featured Blog Post
14 Easter Pick-up Lines to Find Eggs With
hide this ad
You Might Also Like...
Tags
Everything
fire
start
Today's Top Quizzes in Music
Browse Music
hide this ad
Today's Top Quizzes in fire
Browse fire
Top Contributed Quizzes in Music
1
5X2 Blitz: Bands II
2
5X2 Blitz: The Beatles
3
Taylor Swift All Songs (2024)
4
5X2 Blitz: Billboard
5
Taylor Swift Logic Puzzle II
6
5X2 Blitz: Billboard II
7
5X2 Blitz: Singers
8
5X2 Blitz: Album
9
5X2 Blitz: Rock
10
5X2 Blitz: Lyrics
Explore More
Trending Topics
Harry Potter
Disney
Kpop
Anime
NBA
Marvel
Crossword
WWE
Song
Puzzle
The Office
Country
Soccer
NFL
Pokémon
hide this ad
More By:
imadethis
Quiz
Plays
Rating
Category
Featured
Created
Marvel Characters By Enemy
238
2.25
Entertainment
Jan 10, 2014
Regular Show Characters
110
3.00
Television
Oct 25, 2011
Members of the WWE's Triple Crown
91
3.20
Sports
Oct 25, 2011
Republican US Presidents
84
2.80
History
Dec 30, 2013
Things Named in We Didn't Start The Fire
21
4.00
Music
Nov 1, 2013
Go to Creator's Profile
Score Distribution
Quiz Creator Spotlight
imadethis
Follow
Send a Message
Quizzes Created
-
Created Quiz Play Count
-
More By This Creator
Popular Quizzes Today
1
Colored Red Africa Blitz
2
Find the 'City' Movie
3
Find the US States - No Outlines Minefield
4
5x2 Blitz: Bands
5
The Countries of the World
6
Find the US States
7
US States
8
Find the Countries of Europe - No Outlines Minefield
More Music Quizzes
Truck Songs
Curator's Pick
Trending Quizzes
Colored Red Europe Blitz I
Colored Red Europe Blitz II
Colored Red Africa Blitz II
Colored Red Europe Blitz III
Colored Red Africa Blitz III
Recently Updated
How Do You Spell That?
pecheneg
Godzilla Movies
pecheneg
Grab Bag: 4-10 Letters
pecheneg
2024 March Madness Bracket
pecheneg
Famous TV Couples
Peacemaker
Champions League XIs: Real Madrid
pecheneg
Largest US Cities 1790-2010
pecheneg
Rides in Walt Disney World
pecheneg
Most Oscar Losses (Acting)
pecheneg
Beyoncé Albums
pecheneg
Trending Topics
Disney
Marvel
Kpop
Anime
Crossword
Harry Potter
NBA
Country
WWE
Puzzle
Pokémon
NFL
Soccer
The Office
Song
Your Account Isn't Verified!
In order to create a playlist on Sporcle, you need to verify the email address you used during registration. Go to your
Sporcle Settings
to finish the process.
Report this User
Report this user for behavior that violates our
Community Guidelines
.
Details:
Send Report
Go to the Sporcle.com Mobile Site →
Comments